Score 0/16 Timer 03:00
9 Plays Today
Question Answer Wrong Answers
Franchise
Star Wars
Darth Vader
96.8%
Thanos
0.5%
Voldemort
0.3%
Joker
0.2%
Notable Enemy
Luke Skywalker
Darth Vader
96.6%
Thanos
0.3%
Voldemort
0.4%
Joker
0.2%
Franchise
Harry Potter
Voldemort
96.3%
Darth Vader
0.4%
Thanos
0.7%
Joker
0.2%
Notable Victim
Obi-Wan Kenobi
Darth Vader
96.1%
Thanos
0.4%
Voldemort
0.8%
Joker
0.3%
Franchise
Batman
Joker
96.1%
Darth Vader
0.9%
Thanos
0.4%
Voldemort
0.4%
Memorable Quote
'No, I am your father!'
Darth Vader
95.8%
Thanos
0.9%
Voldemort
0.6%
Joker
0.3%
Notable Enemy
Albus Dumbledore
Voldemort
95.7%
Darth Vader
0.6%
Thanos
1%
Joker
0.3%
Notable Enemy
Bruce Wayne
Joker
94.9%
Darth Vader
1.2%
Thanos
1.2%
Voldemort
0.3%
Notable Victim
Lily Potter
Voldemort
94.7%
Darth Vader
0.6%
Thanos
1.3%
Joker
1.1%
Memorable Quote
'Why so serious?'
Joker
94.7%
Darth Vader
0.5%
Thanos
1.5%
Voldemort
0.9%
Notable Enemy
Tony Stark
Thanos
93.5%
Darth Vader
0.5%
Voldemort
1.4%
Joker
2.2%
Franchise
Marvel Cinematic Universe
Thanos
91.8%
Darth Vader
0.6%
Voldemort
0.4%
Joker
5%
Notable Victim
Loki Laufeyson
Thanos
90.6%
Darth Vader
2.3%
Voldemort
3.4%
Joker
1.5%
Memorable Quote
'Avada Kedavra!'
Voldemort
89.6%
Darth Vader
1.4%
Thanos
4.5%
Joker
2.2%
Notable Victim
Rachel Dawes
Joker
81.9%
Darth Vader
1.7%
Thanos
9.2%
Voldemort
4.9%
Memorable Quote
'You should've gone for the head!'
Thanos
76.8%
Darth Vader
1.8%
Voldemort
4.1%
Joker
15%

Today's Daily Dose

Missing Word
'D' in Video Games

Word Ladder
Lent Begins

Get the Picture
Antz or A Bug's Life?

You're not logged in!

Compare scores with friends on all Sporcle quizzes.
OR
Log In

Sporcle TV

Today on Sporcle TV


Watch our educational content, quiz creation guides, and fun videos on Sporcle TV.

Show Comments

Extras

Top Quizzes Today


Score Distribution

Paid Content

Your Account Isn't Verified!

In order to create a playlist on Sporcle, you need to verify the email address you used during registration. Go to your Sporcle Settings to finish the process.

Report this User

Report this user for behavior that violates our Community Guidelines.

Details: